00795nam a2200217 a 45000010005000000030009000050080041000140200015000550400028000700820015000981000031001132450054001442600044001983000011002424900034002535900085002876500027003729420012003999990017004119520149004288294CO-ViMGA141112s2004 ck r 000 u spa d a9588012147 aCO-ViMGAbspacCO-ViMGA04a833.6 H63t1 aHoffmann, Ernst T.A.9816810aEl tonelero de Nuremberg / cHoffmann Ernst T.A.  aMedellin, cEd. Cometa de Papel, c1997 a105 p. aCometa para jovenes y adultos aForma de adquisición : donacion - - Proveedor : Biblioteca Luis Ángel Arango14acuentos alemanes95036 2ddccBK c20102d20102 01102ddc44708003aMEVIECARbMEVIECARd2015-12-04hVolumen. 1 | 11/jun/2009l0o833.6 H63t p8294r2015-12-04 00:00:00tEj. 1w2015-12-04yBK